[Event "GBR-ch79"]
[Site "Plymouth"]
[Date "1992.08.08"]
[Round "6.18"]
[White "Swan, Iain"]
[Black "Crouch, Colin S"]
[Result "0-1"]
[WhiteElo "2270"]
[BlackElo "2425"]
[PlyCount "76"]
[EventDate "1992.08.03"]
[EventType "swiss"]
[EventRounds "11"]
[EventCountry "GBR"]
[SourceTitle "BritBase"]
[Source "John Saunders"]
[SourceDate "2020.10.09"]
[SourceVersion "1"]
[SourceVersionDate "2020.10.09"]
[SourceQuality "1"]

1. e4 e6 2. d4 d5 3. Nc3 Nf6 4. Bg5 Be7 5. e5 Nfd7 6. h4 a6 7. Qg4 Kf8 8. Qf4
c5 9. dxc5 Nc6 10. Nf3 Qc7 11. Bxe7+ Kxe7 12. O-O-O Ndxe5 13. Nxe5 Qxe5 14.
Qxe5 Nxe5 15. b4 Ng4 16. Rd2 Bd7 17. g3 Rhc8 18. Bh3 Nf6 19. Kb2 a5 20. a3 axb4
21. axb4 b6 22. cxb6 Rab8 23. Re1 Kf8 24. Bg2 Rxb6 25. Na2 Ne8 26. Bf1 Nd6 27.
c3 Bb5 28. Bxb5 Rxb5 29. Rd3 Rb7 30. Nc1 Rbc7 31. Re2 Nb5 32. Na2 Ra7 33. Kb1
Ra3 34. Kb2 d4 35. Rc2 e5 36. f3 f5 37. cxd4 Rxc2+ 38. Kxc2 Nxd4+ 0-1

[Event "GBR-ch79"]
[Site "Plymouth"]
[Date "1992.08.08"]
[Round "6.20"]
[White "Coleman, David"]
[Black "Lalic, Susan"]
[Result "1/2-1/2"]
[WhiteElo "2235"]
[BlackElo "2335"]
[PlyCount "114"]
[EventDate "1992.08.03"]
[EventType "swiss"]
[EventRounds "11"]
[EventCountry "GBR"]
[SourceTitle "BritBase"]
[Source "John Saunders"]
[SourceDate "2020.10.09"]
[SourceVersion "1"]
[SourceVersionDate "2020.10.09"]
[SourceQuality "1"]

1. e4 c6 2. d4 d5 3. exd5 cxd5 4. c4 Nf6 5. Nc3 g6 6. Qb3 Bg7 7. cxd5 O-O 8.
Be2 Nbd7 9. Bf3 Nb6 10. Bg5 Bg4 11. Bxf6 Bxf3 12. Nxf3 Bxf6 13. O-O Qd6 14.
Rfe1 Rfd8 15. Rad1 Rab8 16. Nd2 Nxd5 17. Nde4 Qc6 18. Nxd5 Rxd5 19. Nxf6+ exf6
20. Re7 a5 21. h3 a4 22. Qe3 Rbd8 23. b3 axb3 24. Qxb3 b5 25. Rde1 Qc4 26. Rb7
Qxb3 27. axb3 R8d7 28. Re8+ Kg7 29. Rxd7 Rxd7 30. Rb8 Rxd4 31. Rxb5 h5 32. Kf1
Rd2 33. Rb8 h4 34. b4 f5 35. b5 Kf6 36. b6 Rb2 37. g3 hxg3 38. fxg3 f4 39. gxf4
Kf5 40. Ke1 Kxf4 41. h4 f5 42. b7 Kf3 43. h5 gxh5 44. Rf8 Rb1+ 45. Kd2 Rxb7 46.
Rxf5+ Kg4 47. Rf8 Re7 48. Rg8+ Kh3 49. Rg5 h4 50. Rg8 Kh2 51. Rg4 h3 52. Rg8
Kh1 53. Rg3 h2 54. Rg8 Ra7 55. Ke2 Ra1 56. Kf2 Rg1 57. Ra8 Rg2+ 1/2-1/2

[Event "GBR-ch79"]
[Site "Plymouth"]
[Date "1992.08.10"]
[Round "7.1"]
[White "Howell, James C"]
[Black "Hodgson, Julian M"]
[Result "0-1"]
[WhiteElo "2465"]
[BlackElo "2555"]
[Annotator "Bulletin"]
[PlyCount "80"]
[EventDate "1992.08.03"]
[EventType "swiss"]
[EventRounds "11"]
[EventCountry "GBR"]
[SourceTitle "BritBase"]
[Source "John Saunders"]
[SourceDate "2020.10.09"]
[SourceVersion "1"]
[SourceVersionDate "2020.10.09"]
[SourceQuality "1"]

1. e4 c5 2. Nf3 d6 3. d4 cxd4 4. Nxd4 Nf6 5. Nc3 a6 6. Bg5 Nbd7 7. Bc4 g6 8.
Qd2 Bg7 9. f3 h6 10. Be3 b5 11. Bb3 Bb7 12. a4 $2 (12. O-O-O $1 {[ /\ g4 h4 ]})
12... b4 13. Nd5 a5 $10 14. Nxf6+ Bxf6 15. O-O h5 16. Kh1 h4 17. Bd5 Qc8 18.
Rad1 Rh5 $1 19. Bxb7 Qxb7 {[ White plays a bit too passively ]} 20. b3 $6 {
[ 20.h3! ]} d5 $1 21. Ne2 dxe4 22. Nf4 Re5 23. Nd5 h3 24. fxe4 (24. Bf4 hxg2+
25. Kxg2 e3 $1 $17) 24... Rxe4 25. gxh3 Bd4 $1 $17 26. Qg2 Qxd5 27. Bxd4 Ra6 $1
{[ [] ]} 28. c4 bxc3 29. Bxc3 Qe6 30. Rc1 f5 31. Bd2 Kf7 32. Rf2 Re5 33. Bf4
Re1+ 34. Rxe1 Qxe1+ 35. Rf1 Qe6 $19 36. h4 Nf6 37. Rg1 Nh5 38. Bd2 Qxb3 39. h3
Re6 40. Bxa5 Nf4 0-1

[Event "GBR-ch79"]
[Site "Plymouth"]
[Date "1992.08.10"]
[Round "7.2"]
[White "Levitt, Jonathan"]
[Black "Mestel, A Jonathan"]
[Result "0-1"]
[WhiteElo "2455"]
[BlackElo "2510"]
[Annotator "Bulletin"]
[PlyCount "96"]
[EventDate "1992.08.03"]
[EventType "swiss"]
[EventRounds "11"]
[EventCountry "GBR"]
[SourceTitle "BritBase"]
[Source "John Saunders"]
[SourceDate "2020.10.09"]
[SourceVersion "1"]
[SourceVersionDate "2020.10.09"]
[SourceQuality "1"]

1. d4 g6 2. e4 d6 3. c4 e5 4. Nf3 Bg7 5. Nc3 Nc6 6. Bg5 (6. dxe5 dxe5 (6...
Nxe5 7. Nxe5 dxe5 8. Qxd8+ Kxd8 9. Bg5+ f6 10. O-O-O+ Bd7 11. g3 $2 fxg5 12.
Bh3 Nf6 $19) 7. Qxd8+ Kxd8 (7... Nxd8 8. Nd5 Ne6 9. Ng5 $16) 8. Bg5+ f6 9.
O-O-O+ $14) 6... Qd7 $5 (6... f6 7. Be3 Nh6 $1) 7. dxe5 h6 $1 {[#] [ A nice
intermezzo and a TN, Black wants to castle queenside later ]} 8. Be3 (8. Bh4 $1
) 8... dxe5 9. Qxd7+ Bxd7 10. O-O-O O-O-O 11. Be2 Nge7 12. h3 {[ 12.Nd5 ]} f5
$1 $10 13. exf5 gxf5 14. Nd5 Ng6 {[ Mestel plays for complications and is soon
rewarded, 14..Be6 was good for equality ]} 15. g3 Be6 16. h4 e4 17. Ne1 (17.
Nd4 $2 Nxd4 18. Bxd4 Bxd4 19. Rxd4 c6 $17) 17... Nge5 18. Nc2 Kb8 19. Rd2 $2 {
[ Missing the concealed threat ]} (19. b3 Bxd5 20. cxd5 Ne7 21. Bc4) 19... Nd3+
$1 $17 20. Bxd3 exd3 21. Rxd3 Ne5 22. Rdd1 Nxc4 23. Nc3 Nxe3 24. Nxe3 c6 25.
Rxd8+ Rxd8 26. Re1 Rd6 27. Kc2 a5 {[ Black's plan is to gain space and advance
his king in order to restrict the Black knights, at the right moment he will
be able to exchange advantageously]} 28. b3 b5 29. Ng2 Bd4 30. Nf4 Bd7 31. Nd1
c5 32. Re7 Bc6 33. Re6 Be4+ 34. Kc1 Kc7 35. Ne3 Kd7 36. Rxd6+ Kxd6 37. Kd2
Bxe3+ $1 $19 38. fxe3 b4 39. Ne2 Ke5 40. Nc1 Bb1 41. Nd3+ Bxd3 42. Kxd3 h5 43.
Kd2 Kd5 44. Kd3 c4+ 45. bxc4+ Kc5 46. e4 fxe4+ 47. Kxe4 Kxc4 48. Ke3 a4 0-1

[Event "GBR-ch79"]
[Site "Plymouth"]
[Date "1992.08.10"]
[Round "7.3"]
[White "Hebden, Mark L"]
[Black "Kumaran, Dharshan"]
[Result "1/2-1/2"]
[WhiteElo "2510"]
[BlackElo "2380"]
[Annotator "Bulletin"]
[PlyCount "120"]
[EventDate "1992.08.03"]
[EventType "swiss"]
[EventRounds "11"]
[EventCountry "GBR"]
[SourceTitle "BritBase"]
[Source "John Saunders"]
[SourceDate "2020.10.09"]
[SourceVersion "1"]
[SourceVersionDate "2020.10.09"]
[SourceQuality "1"]

1. e4 c6 2. d4 d5 3. exd5 cxd5 4. c4 Nf6 5. Nc3 e6 6. Nf3 Bb4 7. cxd5 exd5 8.
Ne5 O-O 9. Bd3 Ne4 10. O-O Bxc3 11. bxc3 Nd7 12. Qc2 Nxe5 13. dxe5 Bf5 14. Be3
Rc8 15. Bd4 Bg6 16. e6 $5 {[ Mark sacrifices for the initiative and to weaken
the Black pawns ]} fxe6 17. f3 Nxc3 $1 18. Bxg6 hxg6 19. Qb2 (19. Bxc3 d4 $17)
19... Na4 20. Qxb7 Rf7 21. Qa6 Nb6 22. Rae1 Rc6 (22... Qd6 $2 23. Bxb6 Qxb6+
24. Qxb6 axb6 25. Rxe6 $16) 23. Qd3 Qc8 $5 {[ Offering the pawn back to
produce a drawish position. Objectively White should gone for that because he
now takes a lot of risks and stands worse. ]} 24. Ba1 (24. Bxb6 axb6 25. Qxg6
Rf6 26. Qd3 Rc2 $10) 24... Nc4 25. Rf2 (25. Qxg6 e5 26. Qd3 d4 $17 {[
Commentary room ]}) 25... g5 $1 26. Rfe2 Qd7 27. h3 Rf8 28. Rd1 Qf7 29. Qd4
Rfc8 (29... Rd8 $1 {[ /\ e5 d4 ]} 30. Qg4 Qf4 $17) 30. Qf2 Nd6 31. Qe3 {
[ White wins back the pawn but now Black gets a very strong initiative ]} Nf5
32. Qxg5 Rc2 33. Rxc2 Rxc2 34. Be5 (34. g4 $2 Qc7 $19) 34... Re2 35. Bc3 Qc7 $1
(35... Ne3 $5) 36. Rc1 Qb6+ (36... Ne3 $2 37. Bd2 $1) 37. Kh2 Qe3 (37... Qf2
38. Bxg7 Nxg7 39. Rc8+ Kh7 40. Rc7 Qd4 41. Qh5+ Kg8 42. Rc8+) 38. Qxe3 Nxe3 39.
Re1 Rxe1 40. Bxe1 d4 41. Bf2 Nc2 42. Kg1 Kf7 43. Kf1 e5 44. Ke2 Ke6 45. h4 Nb4
(45... Kf5 {[ /\ a6 e4 ]} 46. g4+ Kf4 $1) 46. a3 Nd5 47. g3 Nc3+ 48. Kd3 Kd5
49. g4 {[ White's kingside pawns save the day ]} Nd1 50. Bg3 Nb2+ 51. Ke2 e4
52. fxe4+ Kxe4 53. Bb8 $1 $10 d3+ 54. Ke1 a5 55. h5 Nc4 56. g5 Kf5 57. h6 gxh6
58. gxh6 Kg6 59. a4 Kxh6 60. Bc7 Kg6 1/2-1/2

[Event "GBR-ch79"]
[Site "Plymouth"]
[Date "1992.08.10"]
[Round "7.4"]
[White "Emms, John M"]
[Black "Webster, Andrew"]
[Result "1-0"]
[WhiteElo "2455"]
[BlackElo "2330"]
[PlyCount "91"]
[EventDate "1992.08.03"]
[EventType "swiss"]
[EventRounds "11"]
[EventCountry "GBR"]
[SourceTitle "BritBase"]
[Source "John Saunders"]
[SourceDate "2020.10.09"]
[SourceVersion "1"]
[SourceVersionDate "2020.10.09"]
[SourceQuality "1"]

1. e4 e6 2. d4 d5 3. Nd2 c5 4. exd5 Qxd5 5. Ngf3 cxd4 6. Bc4 Qd6 7. O-O Nf6 8.
Nb3 Nc6 9. Nbxd4 Nxd4 10. Nxd4 Bd7 11. c3 Be7 12. Qf3 Rc8 13. Bd3 Qd5 14. Qe2
O-O 15. Rd1 Rfd8 16. Bf4 Bd6 17. c4 Qc5 18. Nb3 Bxf4 19. Nxc5 Rxc5 20. g3 Bb8
21. Qf3 b6 22. b4 Rcc8 23. Be2 Re8 24. Rac1 e5 25. c5 e4 26. Qe3 bxc5 27. Rxc5
Be6 28. Rxc8 Rxc8 29. Rc1 Re8 30. Bb5 Rd8 31. Bc4 Bf5 32. Qb3 Bg6 33. a4 Ng4
34. Rd1 Re8 35. Bb5 Rf8 36. a5 h5 37. Be2 Ne5 38. b5 Kh7 39. b6 f5 40. b7 f4
41. gxf4 Nd3 42. Rxd3 exd3 43. Bxd3 Bxd3 44. Qxd3+ g6 45. f5 gxf5 46. Qd7+ 1-0

[Event "GBR-ch79"]
[Site "Plymouth"]
[Date "1992.08.10"]
[Round "7.5"]
[White "Martin, Andrew D"]
[Black "Ledger, Andrew"]
[Result "1-0"]
[WhiteElo "2420"]
[BlackElo "2335"]
[PlyCount "93"]
[EventDate "1992.08.03"]
[EventType "swiss"]
[EventRounds "11"]
[EventCountry "GBR"]
[SourceTitle "BritBase"]
[Source "John Saunders"]
[SourceDate "2020.10.09"]
[SourceVersion "1"]
[SourceVersionDate "2020.10.09"]
[SourceQuality "1"]

1. e4 c6 2. Nc3 d5 3. d4 dxe4 4. Nxe4 Nd7 5. Bc4 Ngf6 6. Ng5 e6 7. Qe2 Nb6 8.
Bd3 h6 9. N5f3 c5 10. dxc5 Bxc5 11. Ne5 Qc7 12. Ngf3 Nbd7 13. O-O O-O 14. Bf4
Bd6 15. h3 Nxe5 16. Bxe5 Bxe5 17. Nxe5 Rd8 18. Rae1 Qe7 19. f4 Bd7 20. Qf2 Be8
21. f5 b5 22. Nf3 Qb4 23. fxe6 Qxb2 24. e7 Rd7 25. Re5 Rb8 26. Qc5 Qxa2 27. Nd4
Rd5 28. Qc7 Rxe5 29. Qxe5 Nd7 30. Qe4 g6 31. Nf5 Qe6 32. Qxe6 fxe6 33. Nd6 a6
34. Be4 Kg7 35. Bc6 b4 36. Rd1 Kf6 37. Nxe8+ Rxe8 38. Rxd7 Rxe7 39. Rxe7 Kxe7
40. Kf2 Kd6 41. Be8 a5 42. Ke3 Kd5 43. Kd3 g5 44. Ba4 e5 45. Ke3 e4 46. g4 Ke5
47. Bb3 1-0

[Event "GBR-ch79"]
[Site "Plymouth"]
[Date "1992.08.10"]
[Round "7.6"]
[White "Summerscale, Aaron"]
[Black "Basman, Michael J"]
[Result "1-0"]
[WhiteElo "2305"]
[BlackElo "2365"]
[PlyCount "45"]
[EventDate "1992.08.03"]
[EventType "swiss"]
[EventRounds "11"]
[EventCountry "GBR"]
[SourceTitle "BritBase"]
[Source "John Saunders"]
[SourceDate "2020.10.09"]
[SourceVersion "1"]
[SourceVersionDate "2020.10.09"]
[SourceQuality "1"]

1. d4 h6 2. e4 c5 3. c3 cxd4 4. cxd4 d6 5. Nc3 g5 6. Bc4 Nc6 7. Nge2 Nf6 8. Qb3
Rh7 {[#]} 9. O-O a6 10. Bd3 Rg7 11. Be3 Ng4 12. Nd5 e6 13. Nb6 Rb8 14. Rac1 d5
15. exd5 Nb4 16. Nxc8 Rxc8 17. Qa4+ b5 18. Bxb5+ Ke7 19. Qxb4+ Kf6 20. Rxc8
Qxc8 21. Bxa6 Qc7 22. d6 Bxd6 23. Qb7 1-0

[Event "GBR-ch79"]
[Site "Plymouth"]
[Date "1992.08.10"]
[Round "7.7"]
[White "Britton, Richard"]
[Black "Arkell, Keith C"]
[Result "1/2-1/2"]
[WhiteElo "2275"]
[BlackElo "2460"]
[PlyCount "127"]
[EventDate "1992.08.03"]
[EventType "swiss"]
[EventRounds "11"]
[EventCountry "GBR"]
[SourceTitle "BritBase"]
[Source "John Saunders"]
[SourceDate "2020.10.09"]
[SourceVersion "1"]
[SourceVersionDate "2020.10.09"]
[SourceQuality "1"]

1. e4 c6 2. d4 d5 3. Nd2 dxe4 4. Nxe4 Nd7 5. Ng5 Nb6 6. N1f3 Nh6 7. Bd3 g6 8.
O-O Bg7 9. c3 Qc7 10. Re1 Bf5 11. Ne4 Ng4 12. h3 Bxe4 13. Rxe4 Nf6 14. Bf4 Qd8
15. Re2 Nbd5 16. Be5 O-O 17. Qd2 Nh5 18. Bh2 e6 19. Rae1 Qa5 20. Bb1 Rad8 21.
Qg5 c5 22. c4 h6 23. Qc1 Nb4 24. g4 Nf6 25. Be5 Nc6 26. Bxf6 Bxf6 27. d5 exd5
28. Qxh6 Bg7 29. Qh4 Nd4 30. Nxd4 cxd4 31. cxd5 Qxd5 32. Qg3 Bf6 33. Bd3 Qxa2
34. h4 Qd5 35. g5 Bg7 36. Qg4 Qd7 37. Qf3 Qc6 38. Be4 Qc5 39. Bd3 Rd7 40. Qg4
Rd5 41. f4 Qc8 42. Qf3 Rdd8 43. h5 Qc6 44. Qh3 gxh5 45. Qxh5 Rfe8 46. f5 Rxe2
47. Qxe2 Rd5 48. Qg4 Re5 49. Rd1 Bf8 50. Kf2 Re3 51. f6 Bb4 52. Qf5 Kf8 53. Bb5
Qc7 54. Rg1 Qh2+ 55. Rg2 Qh4+ 56. Kg1 Re1+ 57. Bf1 d3 58. Rg4 Rxf1+ 59. Kxf1
Qh3+ 60. Kg1 Kg8 61. Qc8+ Bf8 62. g6 Qe3+ 63. Kg2 Qe2+ 64. Kg3 1/2-1/2

[Event "GBR-ch79"]
[Site "Plymouth"]
[Date "1992.08.10"]
[Round "7.8"]
[White "Hennigan, Michael T"]
[Black "Ryan, Joseph"]
[Result "1-0"]
[WhiteElo "2400"]
[BlackElo "2275"]
[PlyCount "163"]
[EventDate "1992.08.03"]
[EventType "swiss"]
[EventRounds "11"]
[EventCountry "GBR"]
[SourceTitle "BritBase"]
[Source "John Saunders"]
[SourceDate "2020.10.09"]
[SourceVersion "1"]
[SourceVersionDate "2020.10.09"]
[SourceQuality "1"]

1. e4 d5 2. exd5 Qxd5 3. Nc3 Qa5 4. d4 Nf6 5. Nf3 Bf5 6. Bc4 e6 7. Bd2 c6 8.
Qe2 Bb4 9. Ne5 Nbd7 10. Nxd7 Kxd7 11. O-O Bxc2 12. a3 Bxc3 13. Bxc3 Qf5 14. f3
b5 15. g4 Qg6 16. Bxb5 Rab8 17. Bc4 h5 18. Rac1 Bf5 19. g5 Qxg5+ 20. Kh1 Qf4
21. b4 Nd5 22. b5 cxb5 23. Bxb5+ Ke7 24. Bd2 Qd6 25. Rc6 Qxa3 26. Ra6 Qb3 27.
Rxa7+ Kf8 28. Bc4 Qb6 29. Raa1 Kg8 30. Bxd5 exd5 31. Qe5 Be6 32. Rg1 g6 33. Rg5
Rh7 34. Rag1 Kf8 35. Bf4 Rc8 36. Qf6 Qd8 37. Rxg6 Qxf6 38. Rxf6 Ke7 39. Bg5 Kd7
40. Ra1 Rhh8 41. h4 Rhg8 42. Rh6 Rh8 43. Rf6 Ra8 44. Rxa8 Rxa8 45. f4 Ra1+ 46.
Kg2 Ra2+ 47. Kg3 Ra3+ 48. Kf2 Ra2+ 49. Ke3 Ra3+ 50. Kd2 Ra2+ 51. Kc3 Rf2 52.
Rh6 Bg4 53. Kb4 Rc2 54. Rf6 Rc4+ 55. Kb5 Ke8 56. f5 Kf8 57. Rd6 Bxf5 58. Rxd5
Bd3 59. Kb6 Kg7 60. Rd6 Ra4 61. Bf6+ Kg6 62. Be5+ Kf5 63. Rf6+ Kg4 64. Rf4+ Kg3
65. Kc7 Ra5 66. Kd6 Bc4 67. Re4+ Kh3 68. Ke7 Ra6 69. Bd6 Be6 70. Be5 Bg4 71.
Re3+ Kxh4 72. Bf6+ Rxf6 73. Kxf6 Be6 74. Re4+ Kg3 75. Kg5 Bd5 76. Re3+ Bf3 77.
d5 f6+ 78. Kxf6 h4 79. d6 h3 80. d7 h2 81. Re1 Kf2 82. Ra1 1-0

[Event "GBR-ch79"]
[Site "Plymouth"]
[Date "1992.08.10"]
[Round "7.9"]
[White "Collinson, Adam"]
[Black "Mack, Andrew"]
[Result "1-0"]
[WhiteElo "2360"]
[BlackElo "2270"]
[PlyCount "91"]
[EventDate "1992.08.03"]
[EventType "swiss"]
[EventRounds "11"]
[EventCountry "GBR"]
[SourceTitle "BritBase"]
[Source "John Saunders"]
[SourceDate "2020.10.09"]
[SourceVersion "1"]
[SourceVersionDate "2020.10.09"]
[SourceQuality "1"]

1. e4 e6 2. d4 d5 3. Nd2 Nf6 4. e5 Nfd7 5. Bd3 c5 6. c3 Nc6 7. Ne2 cxd4 8. cxd4
f6 9. exf6 Nxf6 10. O-O Bd6 11. Nf3 Qc7 12. Bg5 O-O 13. Bh4 e5 14. dxe5 Nxe5
15. Nxe5 Bxe5 16. Bg3 Bxg3 17. Nxg3 Qb6 18. Qd2 Bd7 19. Rac1 Rad8 20. h3 Kh8
21. Rfe1 Rde8 22. Rxe8 Rxe8 23. Bf5 Bc6 24. Rd1 Re5 25. Qc3 Re8 26. b3 a6 27.
a4 Re7 28. a5 Qc7 29. Bd3 Bb5 30. Qxc7 Rxc7 31. Bxb5 axb5 32. Ne2 Kg8 33. Rd4
Kf7 34. Rb4 b6 35. axb6 Rb7 36. Rxb5 Ke6 37. f3 Kd6 38. Kf2 Nd7 39. Ke3 Nxb6
40. Kd4 Kc6 41. Rc5+ Kd7 42. Nc3 Kd6 43. b4 Na4 44. Rxd5+ Ke6 45. Re5+ Kf6 46.
Ne4+ 1-0

[Event "GBR-ch79"]
[Site "Plymouth"]
[Date "1992.08.10"]
[Round "7.11"]
[White "Rayner, Francis"]
[Black "Rossiter, Philip J"]
[Result "1-0"]
[WhiteElo "2270"]
[BlackElo "2280"]
[PlyCount "119"]
[EventDate "1992.08.03"]
[EventType "swiss"]
[EventRounds "11"]
[EventCountry "GBR"]
[SourceTitle "BritBase"]
[Source "John Saunders"]
[SourceDate "2020.10.09"]
[SourceVersion "1"]
[SourceVersionDate "2020.10.09"]
[SourceQuality "1"]

1. e4 e5 2. Nf3 Nf6 3. d4 Nxe4 4. Bd3 d5 5. Nxe5 Be7 6. Nd2 Nxd2 7. Bxd2 Nd7 8.
Qh5 Nxe5 9. dxe5 Be6 10. O-O Qd7 11. h3 O-O-O 12. Bg5 Bxg5 13. Qxg5 h6 14. Qf4
Kb8 15. Qb4 g5 16. a4 Rhg8 17. Kh2 c6 18. f4 gxf4 19. Qxf4 Rg5 20. Rae1 Rdg8
21. Rf2 Qc7 22. b3 Qa5 23. Ree2 Qc3 24. Re3 Qa1 25. Rfe2 Qc1 26. Rf3 Qa3 27.
Qf6 Qf8 28. Bh7 Rh8 29. Bd3 Qe8 30. Bf5 Qc8 31. Bxe6 fxe6 32. Qe7 Rhg8 33. Rf7
Ka8 34. Rh7 h5 35. Rh6 a6 36. Qxe6 Qf8 37. Qf6 Qb8 38. Rh7 R5g6 39. Qe7 Qa7 40.
Rf2 Qb8 41. Rxh5 Re8 42. Qh4 Rxe5 43. Rxe5 Qxe5+ 44. Qf4 Qc3 45. Re2 Rg8 46.
Qc7 Qc5 47. Qe7 Qc3 48. Qe3 Qb4 49. Rf2 Qd6+ 50. Qf4 Qc5 51. h4 Ka7 52. Rd2 Ka8
53. Re2 Rf8 54. Qg3 Qd4 55. Qg5 Rf4 56. h5 {[ A big time scramble was now in
progress, the decisive blunder comes on the last move ]} Rf1 57. Qe5 Qg4 58. g3
d4 59. Re4 Qf3 60. Qh8+ 1-0

[Event "GBR-ch79"]
[Site "Plymouth"]
[Date "1992.08.10"]
[Round "7.15"]
[White "Small, Simon"]
[Black "Mortazavi, Ali"]
[Result "0-1"]
[WhiteElo "2245"]
[BlackElo "2320"]
[PlyCount "77"]
[EventDate "1992.08.03"]
[EventType "swiss"]
[EventRounds "11"]
[EventCountry "GBR"]
[SourceTitle "BritBase"]
[Source "John Saunders"]
[SourceDate "2020.10.09"]
[SourceVersion "1"]
[SourceVersionDate "2020.10.09"]
[SourceQuality "1"]

1. d4 Nf6 2. Nf3 g6 3. c4 Bg7 4. Nc3 O-O 5. g3 d6 6. Bg2 Nbd7 7. O-O e5 8. e4
exd4 9. Nxd4 Ne5 10. b3 a6 11. h3 c5 12. Nde2 Rb8 13. a4 Re8 14. Be3 Qc7 15.
Rc1 Bd7 16. Nd5 Qd8 17. g4 b5 18. axb5 axb5 19. Qd2 bxc4 20. bxc4 Nxd5 21. exd5
Rb4 22. Qa2 Ra4 23. Qb3 Qa8 24. Ng3 Rb4 25. Qd1 Nxc4 26. Bf4 Nb2 27. Qf3 Qa6
28. Be3 Bb5 29. Ra1 Ra4 30. Rxa4 Qxa4 31. Rb1 Qa2 32. Rc1 Nd3 33. Rd1 Qc2 34.
Rd2 Qb1+ 35. Rd1 Qb3 36. Bf4 Qc2 37. Bxd6 Nxf2 38. Qxf2 Qxd1+ 39. Kh2 0-1

[Event "GBR-ch79"]
[Site "Plymouth"]
[Date "1992.08.10"]
[Round "7.16"]
[White "Ansell, Simon"]
[Black "James, David J"]
[Result "1/2-1/2"]
[WhiteElo "2305"]
[BlackElo "2300"]
[PlyCount "123"]
[EventDate "1992.08.03"]
[EventType "swiss"]
[EventRounds "11"]
[EventCountry "GBR"]
[SourceTitle "BritBase"]
[Source "John Saunders"]
[SourceDate "2020.10.09"]
[SourceVersion "1"]
[SourceVersionDate "2020.10.09"]
[SourceQuality "1"]

1. e4 c5 2. Nf3 d6 3. d4 cxd4 4. Nxd4 Nf6 5. Nc3 a6 6. f4 Qc7 7. a4 g6 8. Bd3
Bg7 9. Nf3 Nbd7 10. O-O e6 11. Qe1 Nc5 12. e5 dxe5 13. fxe5 Nfd7 14. Bf4 O-O
15. Kh1 b6 16. Qh4 Bb7 17. Rae1 Nxd3 18. cxd3 Nc5 19. Re3 Rad8 20. Bh6 f6 21.
d4 Bxh6 22. Qxh6 Nb3 23. exf6 Rxf6 24. d5 Bxd5 25. Nxd5 Rxd5 26. Rxb3 Rh5 27.
Qxh5 gxh5 28. Rc3 Qd6 29. Rfc1 e5 30. Ng5 Qd5 31. Rg3 Rc6 32. Rf1 Rg6 33. Rc1
Qd7 34. Rgc3 Rxg5 35. Rc8+ Kf7 36. R1c7 Ke7 37. Rxd7+ Kxd7 38. Ra8 e4 39. Rf8
Kd6 40. Kg1 Re5 41. Kf2 Kc5 42. Ke3 Kb4 43. Rf6 b5 44. Rxa6 bxa4 45. Rf6 Rb5
46. Kxe4 Kb3 47. Rf2 Rc5 48. Kd3 Rc1 49. Rf5 Kxb2 50. Rb5+ Ka2 51. Rxh5 Rc7 52.
Rb5 a3 53. g4 Rf7 54. Kc2 Rf2+ 55. Kc1 Rxh2 56. Rh5 Rg2 57. Rxh7 Rxg4 58. Rb7
Rc4+ 59. Kd2 Ka1 60. Rb3 a2 61. Rb8 Rh4 62. Kc1 1/2-1/2

[Event "GBR-ch79"]
[Site "Plymouth"]
[Date "1992.08.10"]
[Round "7.17"]
[White "Lalic, Susan"]
[Black "Willmoth, Robert"]
[Result "1-0"]
[WhiteElo "2335"]
[BlackElo "2215"]
[PlyCount "73"]
[EventDate "1992.08.03"]
[EventType "swiss"]
[EventRounds "11"]
[EventCountry "GBR"]
[SourceTitle "BritBase"]
[Source "John Saunders"]
[SourceDate "2020.10.09"]
[SourceVersion "1"]
[SourceVersionDate "2020.10.09"]
[SourceQuality "1"]

1. e4 d6 2. d4 Nf6 3. Nc3 g6 4. Nf3 Bg7 5. Be2 O-O 6. O-O c6 7. Re1 Nbd7 8. e5
Ne8 9. Bg5 h6 10. Bh4 dxe5 11. dxe5 Nc7 12. Bc4 Nb6 13. Bb3 Qe8 14. Ne4 Be6 15.
Nc5 Rd8 16. Qe2 Bc8 17. e6 f5 18. Nd7 g5 19. Bxg5 {[#]} hxg5 20. Nxg5 Qg6 21.
Nxf8 Qxg5 22. Nd7 Nbd5 23. Rad1 Re8 24. c3 Nf4 25. Qf3 Ncd5 26. g3 b6 27. h4
Qh5 28. Bxd5 cxd5 29. Qxf4 Bb7 30. Qg5 Qh7 31. Rd4 Kh8 32. Ne5 Bxe5 33. Rxe5
Rf8 34. h5 Ba6 35. Rexd5 f4 36. Rd8 Qb1+ 37. Rd1 1-0